000 00285nam a22001097a 4500
008 170110b xxu||||| |||| 00| 0 eng d
020 _a9780309052986
041 _aeng
080 _a618.2
245 _aNURSING, HEALTH & ENVIRONMENT
_cPOPE, A.M & SNYDER, M.A & MOOD, L.H
942 _2udc
_cBK
999 _c2617
_d2617